| 000 | 01764nam0a22003371 4500 | ||
|---|---|---|---|
| 001 | rc\4586963 | ||
| 005 | 20250121111533.0 | ||
| 021 |
_aRU _b[63-4015] |
||
| 035 | _a(NLR Aleph) 008659578 | ||
| 090 |
_a9052898 _c9052898 |
||
| 100 | _a20130416d1962 |||y0rusy50 ca | ||
| 101 | 0 | _arus | |
| 102 | _aRU | ||
| 105 | _aa z ||||| | ||
| 200 | 1 |
_aМетодические положения по совершенствованию производственной структуры машиностроительного завода _fЛенингр. инж.-экон. ин-т. Лаборатория пром.-экон. исследований ЛСНХ |
|
| 210 |
_aЛенинград _cБ. и. _d1962 |
||
| 215 |
_a97 с., 1 л. табл. _cчерт. _d20 |
||
| 300 | _aНа обл. загл.: Совершенствование производственной структуры машиностроительного завода | ||
| 300 | _aАвт. указаны на 2-й с.: К.Г. Татевосов, Л.М. Липкинд, Р.П. Шейнман | ||
| 512 | 0 | _aСовершенствование производственной структуры машиностроительного завода | |
| 606 |
_aМашиностроительные заводы _xОрганизация _2psbo |
||
| 702 | 1 |
_aЛипкинд _bЛ. М. _4220 |
|
| 702 | 1 |
_aТатевосов _bК. Г. _gКонстантин Георгиевич _4220 |
|
| 702 | 1 |
_aШейнман _bР. П. _4220 |
|
| 712 | 0 | 2 |
_aЛенинградский инженерно-экономический институт _3RU\NLR\AUTH\880622122 _4570 |
| 801 | 0 |
_aRU _bNLR _gpsbo |
|
| 801 | 1 |
_aRU _bELAR _2rusmarc |
|
| 852 |
_aNLR _j63-4/2084 |
||
| 942 | _cBOOK | ||
| 980 | _aNB | ||